000 01317nam0a22002411 4500
001 rc\4300790
005 20130416125057.9
035 _a(NLR Aleph) 008256522
090 _a8369451
_c8369451
100 _a20130416d1964 |||y0rusy50 ca
101 0 _arus
102 _aRU
105 _aa z |||||
200 1 _aРоль и значение типовых проектов по внедрению передовой технологии в промышленности нерудных строительных материалов
_eДоклад к совещанию
_fГос. ком. по пром-сти строит. материалов при Госстрое СССР. Всесоюз. гос. ин-т по проектным и науч.-исслед. работам пром-сти нерудных строит. материалов "Гипронинеруд". Всесоюз. совещание работников нерудной пром-сти. г. Тольятти. 28 сент. 1964 г.
210 _aЛенинград
_cБ. и.
_d1964
215 _a[1], 37 с., 33 л. ил.
_d30
300 _aОтпеч. множит. аппаратом
700 1 _aВалюжинич
_bВ. Я.
801 0 _aRU
_bNLR
_gpsbo
801 1 _aRU
_bELAR
_2rusmarc
852 _aNLR
_j64-8/2242
942 _cBOOK
980 _aNB